000 00833nam a2200277Ia 4500
999 _c55611
_d55611
001 22706
003 GE_BSU
005 20230424165555.0
008 181216s ||||ge |||||||||||||| ||eng||
020 _aISBN 07216-9019-X
040 _cGE_BSU
080 _a616-053.2 V-32
245 _aNelson textbook of pediatrics /
_cVictor C.III Vaughan, R. James McKay ; Waldo E. Nelson.
250 _aEleventh Edition
264 _aPhiladelphia :
_bSaunders,
_c1979.
300 _a2170 p. :
_bill. ;
_c27 cm.
541 _h40gel.
653 _aNelson textbook of pediatrics
653 _aPediatrics
653 _aმედიცინა
653 _aპედიატრია
700 _aR. James McKay,
_dby
_917763
700 _aRichard E.Berman
_dby
_917764
700 _aWaldo E. Nelson
_dEditor
_917765
942 _cBK
_2udc